| 000 | 00706cam a2200229 4500 | ||
|---|---|---|---|
| 001 | J60627 | ||
| 008 | 000000n1995 000 0 eng u | ||
| 035 | _a(Sirsi) u103918 | ||
| 041 | _aeng | ||
| 050 | _a692.8 | ||
| 110 |
_aJoint Contracts Tribunal _93664 |
||
| 245 | _aStandard form of building contract with contractor`s design 1981 edition incorporating amendments 1 to 7: Practice note CD/1A revised August 1995 | ||
| 260 |
_aLondon _bRIBA _c1995 |
||
| 300 | _a16p. ; 30cm. | ||
| 350 | _a10.25 | ||
| 490 |
_aJCT Practice Note _vCD/1A |
||
| 650 | _aCONTRACTORS DESIGN | ||
| 650 | _aDESIGN AND BUILD CONTRACTS | ||
| 650 | _aJCT 1981 WITH CONTRACTORS DESIGN | ||
| 650 | _aWCD98 | ||
| 942 | _n0 | ||
| 999 |
_c100188 _d100188 |
||